Open Data Biblioteca Nacional de Portugal


República Portuguesa: Ministério da Cultura
Biblioteca Nacional de Portugal

Catálogo da BNP: acesso por Identificadores Unívocos
Registos Bibliográficos associados ao registo de autoridade

Etiqueta de registo: 00000nkm 2200025 450
001 2273472
003 http://id.bnportugal.gov.pt/bib/catbnp/2273472
100 ## $a20260227d1985 m y0pory01030103ba
101 0# $apor
102 ## $aPT
200 1# $aReabilitar a Cidade Reabilitando as Casas, Programa de Reabilitação Urbana, Apoio às Autarquias, 1985$bVisual gráfico]$fMinistério do Equipamento Social, Secretaria de Estado da Habitação e Urbanismo, Direção Geral do Planeamento Urbanístico
210 #9 $a[Lisboa]$cMinistério do Equipamento Social, Secretaria de Estado da Habitação e Urbanismo, Direção Geral do Planeamento Urbanístico,$d1995
215 ## $a1 cartaz$ccolor.$d68x48 cm
317 ## $aColeção Madeira Luís
710 01 $aPortugal.$bMinistério do Equipamento Social$314786
711 02 $aPortugal,$bSecretaria de Estado da Habitação e Urbanismo$31988030
711 02 $aPortugal,$bDireção Geral do Planeamento Urbanístico$31988031
801 #0 $aPT$bBN$gRPC
966 ## $lBN$mICONOG$sCT. 22848 A.$x3
971 ## $cCaticonografia3$d20260227
995 ## $aPRR2026

OpendataBNP@bnportugal.pt | Mais informação sobre acesso aos dados BNP